• 首页
  • 本馆介绍
  • 公告通知
  • 最新文献
  • 馆藏检索
  • 电子资源
  • 读者导购
  • 参考咨询
  • 我的图书馆
  • 登录
  • 详细信息显示
  • 放入我的书架
  • 预约/预借图书
  • 作者相关作品
  • 分类相关作品
  • 丛书相关作品
  • 出版社相关作品

书目信息

  • 表格格式
  • 工作单格式
  • 卡片格式
题名:
城市道路工程设计技术措施
    
 
作者: ;住房和城乡建设部 , 中国建筑标准设计研究院 编
分册: 2011  
出版信息: 北京   中国计划出版社  2012
页数: 336页
开本: 29cm
丛书名:
单 册:
中图分类: U412.37
科图分类:
主题词: 城市道路 , 城市道路--设计--技术措施--2011
电子资源:
ISBN: 978-7-80242-721-1
000 01227nam0 2200265 45
001 1354519030
005 20130510083718.09
010    @a978-7-80242-721-1@dCNY136.00
100    @a20130108d2012 em y0chiy50 ea
101 0  @achi
102    @aCN@b110000
105    @aa z 000yy
106    @ar
200 1  @a城市道路工程设计技术措施@ACheng Shi Dao Lu Gong Cheng She Ji Ji Shu Cuo Shi@h2011@f住房和城乡建设部工程质量安全监管司,中国建筑标准设计研究院编@FZhu Fang He Cheng Xiang Jian She Bu Gong Cheng Zhi Liang An Quan Jian Guan Si, Zhong Guo Jian Zhu Biao Zhun She Ji Yan Jiu Yuan Bian
210    @a北京@c中国计划出版社@d2012
215    @a336页@c图@d29cm
304    @a英文共同提名:Technical measures for design of urban road
330    @a本书包括城市道路路网规划,城市道路的主要功能,交通量,交通量调查与交通预测,干路与支路,快速路,立体交叉,软土地基路基等内容。
606 0  @a城市道路
606 0  @a城市道路@x设计@x技术措施@z2011
690    @aU412.37@v5
711 02 @a住房和城乡建设部@AZhu Fang He Cheng Xiang Jian She Bu@b工程质量安全监管司@4编
711 02 @a中国建筑标准设计研究院@AZhong Guo Jian Zhu Biao Zhun She Ji Yan Jiu Yuan@4编
801    @aCN@bTANGWEI@c20130108
905    @b0830484-86@dU412.37@e214@f3
    
    城市道路工程设计技术措施.2011/住房和城乡建设部工程质量安全监管司,中国建筑标准设计研究院编.-北京:中国计划出版社,2012
    336页:图;29cm
    
    
    ISBN 978-7-80242-721-1:CNY136.00
    本书包括城市道路路网规划,城市道路的主要功能,交通量,交通量调查与交通预测,干路与支路,快速路,立体交叉,软土地基路基等内容。
●
相关链接 在E读中查询图书 在五车中查询图书 在当当中查询图书 在豆瓣中查询图书


正题名:城市道路工程设计技术措施     索取号:U412.37/214         预约/预借

序号 登录号 条形码 馆藏地/架位号 状态 备注
1 0830484   208304841   第二样本阅览室/ [索取号:U412.37/214] 在馆    
2 0830485   208304850   第三借阅区/ [索取号:U412.37/214] 在馆    
3 0830486   208304869   第三借阅区/ [索取号:U412.37/214] 在馆    
唐山师范学院图书馆 欢迎您!
大连网信软件有限公司© 版权所有